| 000 | 00782nam a2200241 a 4500 | ||
|---|---|---|---|
| 001 | 000016903 | ||
| 003 | DO-SdBNP | ||
| 005 | 20250116163337.0 | ||
| 007 | ta | ||
| 008 | 100312s2000 dr a 000 0 spa d | ||
| 040 |
_aDO-SdBNP _bspa _cBNPHU |
||
| 049 | _aBNPD | ||
| 082 | 4 |
_bL697t _222 |
|
| 110 | 1 |
_aRepública Dominicana. _bSecretaría de Estado de Educación y Cultura _918697 |
|
| 245 | 1 | 0 | _aLibros de texto y otros materiales didácticos. |
| 246 | 1 | 4 |
_aRecursos para el aprendizaje : _blibros de texto y otros materiales didácticos 1996-2000. |
| 260 |
_aSanto Domingo : _bCentenario, _c2000. |
||
| 300 |
_a67 p. : _bil. ; _c24 cm. |
||
| 490 | 1 |
_aGestión educativa _v13 |
|
| 590 | _aInventariado, 2022/BT | ||
| 830 | 0 |
_aGestión educativa _n13 _937392 |
|
| 942 |
_2ddc _cLBS1 |
||
| 999 |
_c16435 _d16435 |
||